| 000 | 00434nam a2200169 i 4500 | ||
|---|---|---|---|
| 001 | 135196 | ||
| 003 | ES-MaACL | ||
| 005 | 20230906194827.0 | ||
| 007 | t| | ||
| 008 | 070711s1969 sp ||||1| spa d | ||
| 100 | 1 |
_aTomeo, Javier. _9110550 |
|
| 245 | 1 | 0 |
_aCeguera al azul / _cJavier Tomeo. |
| 250 | _a[1ยช ed.]. | ||
| 260 |
_aBarcelona : _bPicazo, _c1969. |
||
| 300 |
_a190 p. ; _c18 cm. |
||
| 852 |
_aES-MaACL _jC-40591 _bR.71184 |
||
| 999 |
_c135196 _d135196 |
||